General Knowledge Quiz #153 - Statistics

General Stats
  • This quiz has been taken 69,615 times
  • The average score is 11 of 20
Answer Stats
Question Answer % Correct
What is the best-selling brand of American motorcycles? Harley-Davidson
83%
What activity would you be doing if you are in "Downward Dog"? Yoga
77%
In the Roald Dahl novel, what do the initials BFG stand for? Big Friendly Giant
76%
What was the first Pixar movie? Toy Story
74%
What is the Spanish word for cheese? Queso
69%
What hairstyle, worn by Marge Simpson and Amy Winehouse, is also somewhere insects might live? Beehive
67%
Who baptized Jesus? John the Baptist
65%
What airline was started by Richard Branson? Virgin Atlantic
64%
What actress has 21 Academy Award nominations, the most of anyone ever? Meryl Streep
61%
What much-touted fatty acid is commonly found in fish oil? omega-3
60%
What type of animal are Koopa Troopas? Turtles
55%
What animals are called locusts when swarming? Grasshoppers
51%
What river does the Aswan Dam dam? Nile River
51%
What well-known musical artist died in April 2016 at the age of 57? Prince
50%
What word, starting with the letter Q, is a homophone of key? Quay
50%
What country has been led by Begin, Sharon, and Meir? Israel
43%
What band has had members named Daltrey, Moon, Entwistle, and Townshend? The Who
38%
What song includes the lyrics "You make my heart sing / You make everything …. Groovy"? Wild Thing
34%
Who designed La Sagrada Familia, Barcelona's most famous church? Antoni Gaudí
32%
What country calls itself the "Middle Kingdom"? China
32%
No matching quizzes found
Score Distribution
Percent of People with Each Score
Percentile by Number Answered
Your Score History
You have not taken this quiz